[Event "Championnat CEH Section Relève 1 "]
[Site "Gatineau"]
[Date "2015.04.14"]
[Round "2"]
[White "Arsenault, Michel"]
[Black "Jobin, Gilles G."]
[Result "0-1"]
[BlackElo "1653"]
[EventDate "2015.04.14"]
[WhiteElo "1860"]

1.c4 d6 2.g3 e5 3.Bg2 f5 4.Nc3 Nf6 5.e3 Be7 6.d4 c6 7.Nge2 Nbd7 8.O-O O-O
9.b3 Qe8 10.Ba3 Rf7 11.Qd2 Nf8 12.c5 exd4 13.exd4 dxc5 14.d5 cxd5 15.Nxd5 Ne6
( 15...Nxd5 16.Bxd5 Be6 17.Bxb7 Rd8 18.Qa5 Bf6 ) 16.Rad1 Nxd5 17.Bxd5 Kh8
18.Bxe6 ( 18.Qe3 $1 Rf6 19.Rfe1 ) 18...Bxe6 19.Nf4 Rd8 20.Qe3 Bd7 21.Rfe1 Qf8
22.Nd3 f4 23.Nxf4 Bg5 $4 24.Ng6+ ( 24.Bxc5 $18 Bxf4 25.gxf4 Qg8 26.Be7 )
24...hxg6 25.Qxg5 Rf5 $2 ( 25...b6 { gardait peut-être un certain espoir. } )
26.Qxg6 $2 ( 26.Qh4+ Rh5 27.Qe7 $18 ) 26...Rf6 27.Qd3 ( 27.Qh5+ $1
{ est plus expéditif. } 27...Rh6 28.Qd5 b6 29.Bb2
{ avec la terrible menace Dg5. Il faut dire que depuis plusieurs coups déjà, nous étions en pression de temps. }
) 27...Rxf2 28.Re4 Rg2+ 29.Kxg2 $4 ( 29.Kh1 $18
{ et les Noirs peuvent abandonner car ils n'ont plus rien après : }
29...Rxh2+ 30.Kxh2 Qf2+ 31.Kh1 ) 29...Bh3+ $19 30.Kxh3 Qf5+ 31.Kg2 Rxd3
32.Rxd3 Qxe4+ 33.Rf3 c4 34.bxc4 Qxc4 35.Rf2 b5 36.h3 Kh7 37.Bf8 a5 38.g4 b4
39.Kg3 Qc3+ 40.Rf3 Qe1+ 41.Kg2 Kg8 42.Bc5 Qd2+ 43.Kg3 Qxa2 44.Kh4 Qe6 45.Rf5
Qe4 46.Kg5 Qe8 47.h4 b3 48.h5 Qd8+ 49.Kg6 Qe8+ 50.Kg5 b2 51.h6 gxh6+ 52.Kxh6
Qe6+ 53.Kg5 Qxf5+ 54.gxf5 Kf7 0-1

[Event "Championnat CEH Section Relève 1 "]
[Site "Gatineau"]
[Date "2015.04.14"]
[Round "2"]
[White "Akrib, Fouad"]
[Black "Lavergne, Daniel"]
[Result "0-1"]
[BlackElo "1767"]
[EventDate "2015.04.14"]
[WhiteElo "1781"]

1.e4 c5 2.Nf3 d6 3.d4 cxd4 4.Nxd4 Nf6 5.Nc3 g6 6.Be3 Bg7 7.f3 O-O 8.Qd2 Nc6
9.O-O-O d5 10.Nxc6 bxc6 11.e5 Nd7 12.f4 e6 13.h4 c5 14.Bf2 Bb7 15.Qe1 d4
16.Ne4 Qb6 17.h5 Bd5 18.c4 Rab8 19.b3 Bc6 20.Bh4 a5 21.Nf6+ Bxf6 22.Bxf6 Nxf6
23.exf6 Rb7 24.Qh4 a4 25.hxg6 $2 fxg6 26.Rh3 Qd8 27.Qg5 Qxf6 28.Qxc5 Qxf4+
29.Kc2 axb3+ 30.axb3 Be4+ 31.Bd3 Bxg2 32.Rhh1 Bxh1 33.Rf1 Qh2+ 0-1

[Event "Championnat CEH Section Championnat "]
[Site "Gatineau"]
[Date "2015.04.14"]
[Round "2"]
[White "Groleau, Gilles"]
[Black "Laferriere, Bruno"]
[Result "0-1"]
[BlackElo "1908"]
[EventDate "2015.04.14"]
[WhiteElo "1937"]

1.e4 c5 2.Nc3 Nc6 3.f4 d6 4.Nf3 e6 5.Bb5 Bd7 6.O-O Qb6 7.d3 g6 8.Bxc6 Bxc6
9.Qe2 Ne7 10.f5 gxf5 11.Bg5 Rg8 12.Bxe7 Bxe7 13.exf5 e5 14.Ne4 f6 15.c4 d5
16.Nc3 dxc4 17.dxc4 O-O-O 18.b3 Qb4 19.Nb5 Kb8 20.a3 Qxb3 21.Rad1 Rxd1
22.Rxd1 Bxf3 23.Qxf3 Qxf3 0-1

[Event "Championnat CEH Section Championnat "]
[Site "Gatineau"]
[Date "2015.04.14"]
[Round "2"]
[White "Desjardins, Michel"]
[Black "Gagnon, Fabien"]
[Result "1/2-1/2"]
[BlackElo "1955"]
[EventDate "2015.04.14"]
[WhiteElo "1880"]

1.e4 e6 2.d4 d5 3.e5 c5 4.c3 Qb6 5.Nf3 Bd7 6.a3 a5 7.Bd3 Nc6 8.Bc2 Qa6 9.Be3
b6 10.Bd3 c4 11.Bc2 Nge7 12.O-O a4 13.Nbd2 Qb5 14.Rb1 g6 15.Bg5 Bg7 16.Bf6
Bxf6 17.exf6 Ng8 18.Ne5 Nxf6 19.Qf3 Ke7 20.Rfe1 Raf8 21.g4 1/2-1/2

[Event "Championnat CEH Section Relève II"]
[Site "Gatineau"]
[Date "2015.04.14"]
[Round "2"]
[White "Séguin, Hubert"]
[Black "Danilov, Alex"]
[Result "0-1"]
[BlackElo "1730"]
[WhiteElo "1590"]

1.e4 e5 2.Nf3 Nc6 3.Bb5 a6 4.Ba4 d6 5.c3 Bd7 6.d4 f6 7.O-O g6 8.h3 Nh6 9.Nh2
Nf7 10.f4 Bg7 11.Be3 O-O 12.Nf3 Bh6 13.Qd2 Na5 14.Bb3 Nxb3 15.axb3 Qe7 16.c4
Rae8 17.Nc3 c6 18.Ra5 b5 19.Re1 Bc8 20.cxb5 axb5 21.b4 d5 22.exd5 Qxb4
23.Rea1 Nd6 24.fxe5 Bxe3+ 25.Qxe3 Nc4 26.Qh6 Nxa5 27.exf6 Rxf6 28.Ng5 Qxd4+
29.Kh1 Re7 30.Rd1 Qc4 31.Nce4 Rf1+ 32.Kh2 cxd5 33.Ra1 dxe4 0-1

[Event "Championnat CEH Section Relève II"]
[Site "Gatineau"]
[Date "2015.04.14"]
[Round "2"]
[White "Morel, Joseph"]
[Black "Arsenault, Yves"]
[Result "1-0"]
[BlackElo "1582"]
[WhiteElo "1716"]

1.d4 Nf6 2.c4 e6 3.Nf3 b6 4.g3 Bb7 5.Bg2 Be7 6.O-O O-O 7.Nc3 c6 8.e4 d6 9.Qc2
Nbd7 10.e5 Ne8 11.Bf4 d5 12.cxd5 cxd5 13.h4 f5 14.exf6 Ndxf6 15.Ng5 Bc8
16.Qe2 Ne4 17.Ncxe4 dxe4 18.Qxe4 Bxg5 19.Bxg5 Nf6 20.Bxf6 Qxf6 21.Qxa8 Ba6
22.Qxa7 Bxf1 23.Rxf1 Qxd4 24.Bh3 Re8 25.Re1 Qd6 26.Qa4 Re7 27.Qe4 e5 28.Qa8+
Kf7 29.Qh8 Qg6 30.Rc1 Re8 31.Rc7+ Re7 32.Rc8 Qb1+ 33.Kh2 Kg6 34.Rc6+ Kf7
35.Rxb6 Qe1 36.Rb8 Qxf2+ 37.Bg2 Kg6 38.h5+ Kh6 39.Qd8 Re6 40.Qd7 Qf6 41.Rh8
Rd6 42.Qa7 Qg5 43.Qf7 Rf6 44.Qe8 Rf2 45.Qe6+ Rf6 46.Qe8 Rf2 47.Qg6+ Qxg6
48.hxg6 Kxg6 49.Rb8 e4 50.Kg1 e3 51.a4 Rd2 52.a5 Rd1+ 53.Kh2 e2 54.Re8 e1=Q
55.Rxe1 Rxe1 56.a6 Ra1 57.Bb7 Ra2 58.Kh3 Rxb2 $2 ( 58...Kf5 $10 ) 59.a7 Ra2
60.a8=Q Rxa8 61.Bxa8 Kg5 62.Be4 g6 63.Bd5 h5 64.Bf7 Kh6 65.Kh4 g5+ 66.Kh3 h4
67.g4 Kg7 68.Bd5 Kf6 69.Ba8 Ke5 70.Bb7 Kf4 71.Bc8 Ke3 72.Kg2 Kf4 73.Bf5 Ke3
74.Be6 Kf4 75.Kf2 Ke5 76.Bc8 Kf4 77.Bd7 Ke5 78.Ke3 Kd6 79.Bc8 Ke5 80.Bb7 Kf6
81.Kd4 Ke6 82.Ke4 Kf6 83.Kd5 h3 84.Kd6 h2 85.Ba8 Kf7 86.Ke5 Kg6 87.Ke6 Kg7
88.Kf5 Kh6 89.Kf6 Kh7 90.Kxg5 Kg7 91.Bb7 Kh7 92.Kf6 1-0

[Event "Championnat CEH Section Relève II"]
[Site "Gatineau"]
[Date "2015.04.14"]
[Round "2"]
[White "Berthiaume, Serge"]
[Black "Raymond, Daniel"]
[Result "0-1"]
[BlackElo "1643"]
[WhiteElo "1466"]

1.d4 d5 2.Nf3 Nf6 3.Nc3 g6 4.Bf4 Bg7 5.Qd2 Ne4 6.Qe3 Nxc3 7.Qxc3 Nc6 8.e3 O-O
9.Bb5 Bd7 10.Bxc6 Bxc6 11.Ne5 Be8 12.Nd3 Rc8 13.Qa5 a6 14.O-O Bb5 15.Rfc1 b6
16.Qd2 f6 17.a4 Bxd3 18.cxd3 e5 19.dxe5 fxe5 20.Bg3 c5 21.f4 exf4 22.Bxf4 Qf6
23.Rc2 d4 24.Rac1 a5 25.Bg3 dxe3 26.Qxe3 Rce8 27.Qd2 Qd4+ 28.Bf2 Qxa4 29.Rc4
Qb5 30.d4 cxd4 31.Bxd4 Rd8 32.Qc3 Qf5 33.Qb3 Kh8 34.Bxg7+ Kxg7 35.Rc7+ Kh8
36.Qc3+ Qf6 37.Qe3 Rde8 38.Qd2 Rd8 39.Qe3 Qxb2 40.h3 ( 40.Rxh7+ Kxh7 41.Rc7+
Rf7 42.Rxf7+ Kg8 43.Qe6 { est intéressant. } ) 40...Rde8 41.Qh6 Qf2+ 42.Kh1
Rf7 43.Rc8 Ref8 44.Rxf8+ Rxf8 45.Rc7 Qf1+ 46.Kh2 Qf4+ 47.Qxf4 Rxf4 48.Kg3 Rb4
49.Kf3 a4 50.g4 Rb3+ 51.Kf4 Rb5 52.Ke4 a3 53.Ra7 Ra5 0-1

[Event "Championnat CEH Section Relève II"]
[Site "Gatineau"]
[Date "2015.04.14"]
[Round "2"]
[White "Laurin, Marcel"]
[Black "Bourbonnais, Luc"]
[Result "1-0"]
[BlackElo "1297"]
[WhiteElo "1583"]

1.d4 Nf6 2.c4 g6 3.Nc3 Bg7 4.e4 d6 5.h3 O-O 6.Nf3 Nbd7 7.Be3 e5 8.d5 Nh5
9.Qd2 f5 10.exf5 gxf5 11.Bg5 Nhf6 12.Be2 a5 13.h4 c6 14.h5 Rf7 15.dxc6 bxc6
16.Qxd6 h6 17.Bh4 Bb7 18.c5 Bf8 19.Qe6 e4 20.Bc4 Qe7 21.Bxf6 Nxf6 22.Ne5 Nd5
23.Qxf7+ Qxf7 24.Nxf7 Kxf7 25.O-O-O Ke6 26.Na4 Ke5 27.Bxd5 cxd5 28.Rh3 d4
29.Rg3 Rc8 30.Kb1 Bd5 31.Nb6 Rc7 32.Rc1 Bf7 33.c6 Kf6 34.Na8 Bd6 35.Nxc7 Bxc7
36.Ra3 Ke6 37.Rc5 Bxh5 38.Raxa5 e3 39.fxe3 dxe3 40.Ra3 e2 41.Re3+ Kd6 42.b4
Bg4 43.Rc2 h5 44.Rexe2 Bxe2 45.Rxe2 Kxc6 46.Re6+ Kd5 47.Rh6 Ke4 48.Rxh5 f4
49.Rh3 Kd5 50.Kc2 Kc4 51.Rc3+ 1-0

[Event "Championnat CEH Section Relève II"]
[Site "Gatineau"]
[Date "2015.04.14"]
[Round "2"]
[White "Lecorre, Joel"]
[Black "Simard, Paul"]
[Result "1-0"]
[BlackElo "1111"]
[WhiteElo "1568"]

1.e4 e5 2.Bc4 d6 3.Nf3 Nf6 4.Ng5 d5 5.exd5 Nxd5
{ dernier coup de la bibliothèque } 6.d4 ( 6.Qf3 Qxg5 7.Bxd5 Qf6 8.Bxb7 Bxb7
9.Qxb7 Qc6 10.Qc8+ Ke7 $16 ) 6...f6 ( 6...Bb4+ $5 7.c3 Be7 $16 ) 7.dxe5 $18
fxg5 8.Bxd5 c6 9.Bf7+ $1 { Déviation: d8 } 9...Kxf7 10.Qxd8 Be6 $4
{ menant à une
fin rapide. } ( 10...Bb4+ $142 11.Qd2 $1
{ les Blancs devront donner du
matériel en retour. } 11...Bxd2+ 12.Nxd2 Na6 $18 ) 11.O-O $18 h6 12.Be3 b6
13.Nd2 ( 13.f4 $142 { semble même mieux. } 13...Bc4 14.e6+ Kxe6 15.Qe8+ Kd6
$18 ) 13...Kg8 14.f4 gxf4 15.Rxf4 Kh7 16.Rxf8 Rxf8 17.Qxf8 c5 18.Ne4 a5
19.Nf6+ $1 { Leurre: f7 } 19...gxf6 ( 19...Kg6 { ne change vraiment rien. }
20.h4 Nc6 21.h5+ Kf5 22.Ne8+ Kg4 23.Qxg7+ Kh4 24.Qxh6 Rxe8 25.Qg5# ) 20.Qe7+
( 20.Rd1 Nd7 21.Rxd7+ Bxd7 22.Qxh6+ Kg8 23.Qg6+ Kf8 24.exf6 Re8 25.Qg7# )
20...Kg6 ( 20...Kg8 { ne peut effacer ce qui a déjà été fait. } 21.Qxe6+ Kg7
22.exf6+ Kh8 23.Qe8+ Kh7 24.Qf7+ Kh8 25.Qg7# ) 21.Qxf6+ Kh7 22.Qxh6+ Kg8
23.Qxe6+ Kf8 ( 23...Kh7 { n'est pas le coup salvateur. } 24.Rf1 Na6 25.Rf7+
Kh8 26.Qg4 Nb4 27.Qg7# ) 24.Bh6# 1-0

[Event "Championnat CEH Section Relève II"]
[Site "Gatineau"]
[Date "2015.04.14"]
[Round "2"]
[White "Menard, Marc"]
[Black "Gaudreau, Louis"]
[Result "1-0"]
[BlackElo "1223"]
[WhiteElo "1468"]

1.e4 c6 2.d4 d5 3.Nc3 e6 4.e5 Nd7 5.Nf3 c5 6.dxc5 Bxc5 7.Be2 Ne7 8.O-O O-O
9.Bg5 Qc7 10.Nb5 Qb6 11.a3 Ng6 12.b4 Be7 13.Bxe7 Nxe7 14.Re1 Ng6 15.Bf1 a6
16.Nbd4 Qc7 17.Qe2 Nb6 18.Qd2 Nc4 19.Bxc4 Qxc4 20.Nb3 Bd7 21.Nc5 Bc6 22.Qd3
Qg4 23.h3 Qh5 24.Qd4 Qh6 25.Re3 f6 26.Nxe6 fxe5 27.Nxe5 Rf6 28.Ng4 Qh4
29.Nxf6+ gxf6 30.Rg3 Qxd4 1-0

[Event "Championnat CEH Section Relève II"]
[Site "Gatineau"]
[Date "2015.04.14"]
[Round "2"]
[White "Lemieux, Denis"]
[Black "Traversy, Pierre"]
[Result "1-0"]
[BlackElo "1223"]
[WhiteElo "1461"]

1.d4 c6 2.c4 d5 3.cxd5 cxd5 4.Nc3 e6 5.Bf4 Bd7 6.Nf3 Nc6 7.e3 a6 8.Be2 Nf6
{ dernier coup de la bibliothèque } 9.h3 b5 10.O-O Bc8 11.Rc1 Nh5 12.Bh2 Nf6
13.Nxb5 axb5 14.Rxc6 Ne4 ( 14...Bd7 15.Bxb5 Be7 $18 ) 15.Bc7 Qe7 16.Bh2 ( 
16.Bxb5 $142 Bd7 17.Ne5 $18 ) 16...Bd7 17.Rc7 f6 18.Bxb5 $1 Rd8 ( 18...Bxb5
19.Rxe7+ { Déviation Clouer } ) ( 18...-- $140 19.Bxd7+ { Gagne du matériel }
) 19.Qa4 Nd6 ( 19...Bxb5 20.Rxe7+ Bxe7 21.Qxb5+ Kf7 22.Rc1 $18 ) 20.Bxd6 Qxd6
21.Rfc1 Be7 22.Bxd7+ Kf7 23.Bxe6+ ( 23.Bc8 $142 Rxc8 24.Rxc8 $18 ) 23...Qxe6
24.R1c6 Qe4 ( 24...Rd6 25.Rxd6 Qxd6 26.Qa7 $18 ) 25.Qc2 ( 25.Ne5+ fxe5
26.Rxe7+ Kxe7 27.Qb4+ Kf7 28.Rc7+ Kg6 29.Qe7 Rd7 30.Rxd7 Qb1+ 31.Kh2 Qg1+
32.Kxg1 Rf8 33.Qxg7+ Kf5 34.Qxe5+ Kg6 35.Rg7+ Kh6 36.Qg5# ) 25...Qxc2 26.Rxc2
Rhe8 27.Rb7 Rc8 28.Rcc7 Rxc7 29.Rxc7 Rb8 30.b3 Rb4 31.Kf1 Ke6 32.Ke2 Kd6
33.Rc2 g5 34.Kd3 Rb6 35.g4 h6 36.Nd2 Rc6 ( 36...Ra6 37.a4 $18 ) 37.Rxc6+ Kxc6
38.e4 Bb4 39.f3 Kd6 40.Nb1 Kc6 41.Nc3 dxe4+ 42.fxe4 Bd6 43.Nd5 Kb5 ( 43...f5
44.gxf5 h5 45.e5 $18 ) 44.a4+ Ka5 45.Kc4 Bf8 46.Nxf6 Be7 47.e5 Kb6 48.Nd5+
1-0

[Event "Championnat CEH Section Relève II"]
[Site "Gatineau"]
[Date "2015.04.14"]
[Round "2"]
[White "Arcand, Pierre"]
[Black "Sabourin, Yves"]
[Result "0-1"]
[BlackElo "1427"]
[WhiteElo "1142"]

1.e4 c5 2.Nf3 Nc6 3.Bb5 a6 4.Bxc6 bxc6 5.Nc3 e6 6.O-O d5 7.d3 Nf6 8.Bg5 Be7
9.Qe2 O-O 10.d4 cxd4 11.Nxd4 Qb6 12.Qd3 e5 13.Nf5 Bxf5 14.exf5 Qxb2 15.Rfb1
Qa3 16.Ne2 Qxd3 17.cxd3 Rab8 18.Rb3 Rb4 19.Rxb4 Bxb4 20.Bxf6 gxf6 21.Rb1 Rb8
22.g4 Bd6 23.Rxb8+ Bxb8 24.Kg2 Kf8 25.f4 exf4 26.Kf3 c5 27.Nxf4 Bxf4 28.Kxf4
Ke7 29.Ke3 Kd6 30.h4 c4 31.dxc4 dxc4 32.Kd4 c3 33.Kxc3 Ke5 34.Kb4 Kf4 35.Ka5
Kxg4 36.Kxa6 Kxf5 37.a4 Kg4 38.a5 f5 39.Kb6 f4 40.a6 f3 41.a7 f2 42.a8=Q f1=Q
43.Qg8+ Kh3 44.Qxh7 Qf6+ 45.Kc5 Qg6 46.Qh8 f5 47.Kd5 $2 Qf7+ 48.Ke5 f4 49.h5
Qc7+ 50.Ke4 Qf7 51.Qc3+ Kg4 52.Qf3+ Kg5 53.h6 $2 Qb7+ 0-1

[Event "Championnat CEH Section Relève II"]
[Site "Gatineau"]
[Date "2015.04.14"]
[Round "2"]
[White "Labelle, Raymond"]
[Black "Legare, Gilles"]
[Result "1-0"]
[BlackElo "1094"]
[WhiteElo "1363"]

1.e4 c5 2.Nf3 Nc6 3.d4 e6 4.d5 exd5 5.exd5 Nce7 6.c4 d6 7.Be2 Nf6 8.O-O a5
9.Nc3 Ng6 10.Re1 Be7 11.Bd3 Ne5 12.Nxe5 dxe5 13.Rxe5 O-O 14.b3 Bd6 15.Re1 Bd7
16.Ne4 Be5 17.Nxf6+ Qxf6 18.Rb1 Bd4 19.Be3 Bf5 20.Bxf5 Qxf5 21.Bxd4 cxd4
22.Qxd4 Rae8 23.Ra1 h5 24.d6 Rxe1+ 25.Rxe1 Rb8 26.c5 Rd8 27.Qe3 Qe6 28.Qxe6
fxe6 29.Rxe6 Kf7 30.Re7+ Kf6 31.Rxb7 Ke5 32.d7 Kd5 33.Rc7 Ke6 34.c6 1-0

[Event "Championnat CEH Section Relève 1 "]
[Site "Gatineau"]
[Date "2015.04.21"]
[Round "3"]
[White "Jobin, Gilles G."]
[Black "Akrib, Fouad"]
[Result "1-0"]
[BlackElo "1781"]
[EventDate "2015.04.21"]
[WhiteElo "1753"]

1.e4 d5 2.exd5 c6 3.dxc6 Nxc6 4.Nf3 Bg4 5.Bb5 ( 5.h3 Bh5 ) 5...Qc7 ( 5...Qb6
6.Nc3 ) 6.O-O O-O-O 7.Bxc6 Qxc6 8.Ne5 Bxd1 9.Nxc6 bxc6 10.Rxd1 e5 11.Re1 Bd6
12.Nc3 f5 13.d3 h6 14.g3 g5 15.Kg2 Nf6 16.f3 Rhg8 17.Be3 Kb7 18.Na4 Nd7 19.g4
Rde8 20.Bf2 h5 21.h3 hxg4 22.hxg4 fxg4 23.fxg4 Ref8 24.Bg3 Rf7 25.Nc3 Bb4
26.Rf1 Rgf8 27.Rxf7 Rxf7 28.Ne4 Be7 29.Rf1 Rxf1 30.Kxf1 Nf6 31.Nxf6 Bxf6
32.c3 Kc7 33.Ke2 Kd7 34.Ke3 Ke6 35.Ke4 a6 36.b4 Bg7 37.Bf2 Bf6 38.Bb6 Be7
39.a4 Bf6 40.Bc7 Bg7 41.Bd8 Bh6 42.c4 Bf8 43.b5 cxb5 44.cxb5 axb5 45.axb5 Bg7
46.b6 Bf8 47.Bxg5 Kd6 48.Be3 Bg7 49.Kf5 Kc6 50.Ke6 Bf8 51.g5 Bg7 52.Kf7 1-0

[Event "Championnat CEH Section Relève 1 "]
[Site "Gatineau"]
[Date "2015.04.21"]
[Round "3"]
[White "Lavergne, Daniel"]
[Black "Arsenault, Michel"]
[Result "0-1"]
[BlackElo "1860"]
[EventDate "2015.04.21"]
[WhiteElo "1767"]

1.d4 Nf6 2.c4 e6 3.Nc3 Bb4 4.e3 c5 5.Ne2 Ne4 6.Bd2 Nxd2 7.Qxd2 cxd4 8.exd4 b6
9.a3 Be7 10.g3 Ba6 11.Bg2 Nc6 12.b3 Rc8 13.Qe3 O-O 14.O-O Na5 15.Ne4 d5
16.cxd5 exd5 17.N4c3 Bg5 18.f4 Re8 19.Qf3 Bf6 20.Rfe1 Nxb3 21.Rad1 Nxd4
22.Qh5 g6 23.Qxd5 Nxe2+ 24.Rxe2 Bxe2 0-1

[Event "Championnat CEH Section Championnat "]
[Site "Gatineau"]
[Date "2015.04.21"]
[Round "3"]
[White "Gagnon, Fabien"]
[Black "Groleau, Gilles"]
[Result "1-0"]
[BlackElo "1937"]
[EventDate "2015.04.21"]
[WhiteElo "1955"]

1.e4 c5 2.Nf3 e6 3.d3 Nc6 4.g3 g6 5.Bg2 Bg7 6.O-O Nge7 7.c3 O-O 8.d4 cxd4
9.cxd4 d5 10.e5 Bd7 11.Nc3 a6 12.Bg5 b5 13.Qd2 Qb6 14.Bh3 Kh8 15.Rad1 Bc8
16.Qf4 Ng8 17.Rfe1 f6 18.exf6 Bxf6 19.Qd2 Nd8 20.Ne5 Nf7 21.Bxf6+ Nxf6 22.Qe3
Nd8 23.Rd2 Ra7 { les deux clans sont en pression de temps } 24.Ne2 Ne4 25.Qh6
Rg8 26.Nf4 Nf7 27.Nfxg6+ { (27...Txg6 28.CxTg6 Rg8 29.Df8
mat.) } 1-0

[Event "Championnat CEH Section Championnat "]
[Site "Gatineau"]
[Date "2015.04.21"]
[Round "3"]
[White "Laferrière, Bruno"]
[Black "Desjardins, Michel"]
[Result "1-0"]
[BlackElo "1880"]
[EventDate "2015.04.21"]
[WhiteElo "1908"]

1.Nf3 d5 2.d4 Bf5 3.c4 e6 4.Nc3 Nc6 5.a3 a6 6.cxd5 exd5 7.Bf4 Bd6 8.Bxd6 Qxd6
9.e3 Nf6 10.b4 O-O 11.Be2 h6 12.Nd2 Ne7 13.Bf3 c6 14.Nb3 Ng6 15.Nc5 Qe7 16.g4
Be4 17.h4 b6 18.g5 bxc5 19.gxf6 Qxf6 20.Bxe4 dxe4 21.Nxe4 Qe7 22.Nxc5 a5
23.bxa5 Rxa5 24.Nd3 Qe4 25.Rh3 Nxh4 26.Nc5 Qe7 27.Qg4 Ng6 28.f4 Rfa8 29.a4
Kh7 30.Kf2 Rb8 31.Ra2 Ra7 32.f5 Nf8 33.Qf4 Rb4 34.Kf3 f6 35.Rah2 Kg8 36.Rg3
Nh7 37.Qxh6 g5 38.fxg6 1-0

[Event "Championnat CEH Section Relève II"]
[Site "Gatineau"]
[Date "2015.04.21"]
[Round "3"]
[White "Danilov, Alex"]
[Black "Morel, Joseph"]
[Result "0-1"]
[BlackElo "1716"]
[WhiteElo "1730"]

1.e4 c5 2.Nf3 Nc6 3.b4 cxb4 4.d4 d5 5.exd5 Qxd5 6.c4 bxc3 7.Nxc3 Qa5 8.Bd2
Bg4 9.Nb5 Qb6 10.Rb1 Qd8 11.d5 Ne5 12.Qa4 Nxf3+ 13.gxf3 Bd7 14.Bh3 Nf6
15.Bxd7+ Nxd7 16.Bf4 Rc8 17.d6 exd6 18.Nxd6+ Bxd6 19.Bxd6 Qf6 20.Qe4+ Kd8
21.Qb4 Re8+ 22.Kf1 Qxf3 23.Qh4+ f6 0-1

[Event "Championnat CEH Section Relève II"]
[Site "Gatineau"]
[Date "2015.04.21"]
[Round "3"]
[White "Raymond, Daniel"]
[Black "Laurin, Marcel"]
[Result "0-1"]
[BlackElo "1583"]
[WhiteElo "1643"]

1.e4 b6 2.d4 Bb7 3.Nc3 d6 4.Nf3 e6 5.Bc4 a6 6.a4 Nd7 7.O-O h6 8.Re1 Ne7 9.Be3
g5 10.Nd2 Ng6 11.Rf1 h5 12.f4 gxf4 13.Bxf4 Nxf4 14.Rxf4 Qg5 15.Rf2 O-O-O
16.Qe2 Bh6 17.Bxa6 Rdg8 18.Bxb7+ Kxb7 19.Nf3 Qe3 20.Kf1 Nf6 21.Qxe3 Bxe3
22.Re2 Bh6 23.e5 Ng4 24.Nd1 Bf8 25.h3 Nh6 26.Ne3 dxe5 27.dxe5 Bc5 28.a5 Rg3
29.a6+ Ka7 30.c3 Rhg8 31.Nd4 R8g5 32.Nb5+ Ka8 33.Nxc7+ Ka7 34.Nb5+ Ka8 35.a7
Rg8 36.Nc4 Rxh3 37.Nc7+ Kb7 38.a8=Q+ Rxa8 39.Nd6+ Kxc7 40.Ra7+ Rxa7 41.Nb5+
Kb8 42.gxh3 Ra1+ 43.Kg2 Nf5 44.b4 Be3 45.Nd6 Nxd6 46.Rxe3 Ra2+ 47.Kf3 Nf5
48.Rd3 Kc7 49.Kf4 Rf2+ 50.Kg5 h4 51.Kf6 Ne3+ 52.Ke7 Nd5+ 53.Ke8 Kc6 54.Kd8 b5
55.Rd4 Rf4 56.Rd3 f6 57.exf6 Rxf6 58.Rd4 Rf8# 0-1

[Event "Championnat CEH Section Relève II"]
[Site "Gatineau"]
[Date "2015.04.21"]
[Round "3"]
[White "Menard, Marc"]
[Black "Lecorre, Joel"]
[Result "0-1"]
[BlackElo "1568"]
[WhiteElo "1468"]

1.e4 e5 2.Nf3 Nc6 3.Bb5 a6 4.Ba4 Nf6 5.O-O b5 6.Bb3 Be7 7.Re1 O-O 8.c3 d5
9.exd5 Nxd5 10.Nxe5 Nxe5 11.Rxe5 Nf4 12.Qf3 Ng6 13.Re3 Rb8 14.d4 Bb7 15.Qg4
Bg5 16.Re1 Bxc1 17.Rxc1 Re8 18.Nd2 c5 19.Nf3 c4 20.Bc2 Re2 21.Ne5 Qd5 22.Bxg6
hxg6 23.b3 cxb3 24.axb3 Rb2 25.c4 Qd8 26.Rc3 Rc8 27.Qf4 Qe7 28.d5 Bxd5
29.Rxa6 Qxe5 0-1

[Event "Championnat CEH Section Relève II"]
[Site "Gatineau"]
[Date "2015.04.21"]
[Round "3"]
[White "Sabourin, Yves"]
[Black "Séguin, Hubert"]
[Result "1-0"]
[BlackElo "1590"]
[WhiteElo "1427"]

1.e4 c5 2.c3 Nc6 3.d4 cxd4 4.cxd4 d5 5.e5 Bf5 6.Nc3 e6 7.Nf3 Nb4 8.Qa4+ Qd7
9.Qxd7+ Kxd7 10.Bb5+ Kc7 11.Ba4 Rc8 12.O-O Nc2 13.Bxc2 Bxc2 14.Nb5+ Kb8
15.Nd6 Bxd6 16.exd6 Nf6 17.Bf4 Ka8 18.h3 Rhd8 19.Ne5 Bg6 20.Rac1 Ne4 21.d7
Rxc1 22.Rxc1 Nd6 23.Nxg6 hxg6 24.Bxd6 1-0

[Event "Championnat CEH Section Relève II"]
[Site "Gatineau"]
[Date "2015.04.21"]
[Round "3"]
[White "Arsenault, Yves"]
[Black "Berthiaume, Serge"]
[Result "0-1"]
[BlackElo "1466"]
[WhiteElo "1582"]

1.e4 e6 2.d4 d5 3.Nd2 c5 4.c3 cxd4 5.cxd4 Qa5 6.exd5 exd5 7.Nf3 Nf6 8.Be2 Nc6
9.O-O Bd6 10.Nb3 Qc7 11.h3 Bf5 12.Re1 O-O-O 13.Bg5 Kb8 14.Rc1 h6 15.Be3 Ne4
16.Bb5 Bd7 17.a4 a6 18.Bd3 f5 19.Bd2 Nxd2 20.Nbxd2 Rhe8 21.Rxe8 Rxe8 22.Qb3
Qa5 23.Nf1 Nb4 24.Bc2 Nxc2 25.Qxc2 Bf4 26.Ra1 Rc8 27.Qd1 Rc4 28.b3 Rb4 29.g3
Bd6 30.Rc1 Qd8 31.Ne3 Be6 32.Rc3 f4 33.Nc2 Rb6 34.g4 h5 35.Ne5 Qg5 36.Nf3 Qf6
37.gxh5 Bxh3 38.Kh2 Bg4 39.Qg1 Bxh5 40.Qg2 Bc7 41.Nce1 Qh6 42.Qh3 Qh7 43.Ng5
f3+ 44.Rxc7 Qg6 45.Rc8+ Ka7 46.Qg3 Rd6 47.Ngxf3 Bxf3 48.Nxf3 Qh6+ 49.Nh4 g5
50.Qc3 Qxh4+ 51.Kg1 Qg4+ 52.Qg3 Qd1+ 53.Kg2 Rg6 54.Qb8+ Kb6 55.Qc7+ Ka7
56.Qc5+ Rb6 57.Re8 Qxb3 58.Re5 Qxa4 59.Rxg5 Qb5 60.Qc8 Rc6 61.Qd8 a5 62.Rxd5
Rg6+ 63.Kf3 Qd3+ 64.Kf4 Qd2+ 65.Kf3 Qd1+ 66.Kf4 Qg4+ 67.Ke3 Re6+ 68.Re5 Qh3+
69.f3 Qh6+ 70.Kd3 Qg6+ 71.Ke3 Qh6+ 72.Kd3 Qg6+ 73.Ke3 Qg1+ 74.Ke4 Qb1+ 75.Kf4
Qc1+ 76.Ke4 Qc2+ 77.Kf4 Qd2+ 78.Ke4 Qe2+ 79.Kf4 Qh2+ 80.Ke4 Qh4+ 81.Kd3 Qxd8
0-1

[Event "Championnat CEH Section Relève II"]
[Site "Gatineau"]
[Date "2015.04.21"]
[Round "3"]
[White "Potvin, Daniel"]
[Black "Lemieux, Denis"]
[Result "1/2-1/2"]
[BlackElo "1461"]
[WhiteElo "1544"]

1.b3 d5 2.Bb2 c6 3.e3 e6 4.Nf3 Nf6 5.Be2 Be7 6.d3 Nbd7 7.Nbd2 a6 8.c4 O-O
9.Rc1 Qa5 10.a3 Qd8 11.O-O Ne8 12.e4 dxe4 13.dxe4 b6 14.b4 Bb7 15.Qc2 a5
16.Bc3 axb4 17.axb4 c5 18.b5 Qc7 19.Bd3 h6 20.Ra1 Bf6 21.Rxa8 Bxa8 22.Ra1 Bb7
23.Bxf6 Nexf6 24.Qb2 Ra8 25.h3 Qb8 26.g4 Rxa1+ 27.Qxa1 Qa8 28.Qxa8+ Bxa8
29.e5 Ne8 30.Be4 Bxe4 31.Nxe4 Kf8 32.h4 Ke7 33.g5 hxg5 34.hxg5 f6 35.gxf6+
gxf6 36.exf6+ Nexf6 37.Nc3 Ng4 38.Kg2 Kf6 39.Kg3 Nge5 40.Nd2 Kf5 41.Nce4 Nxc4
42.Kf3 Nxd2+ 43.Nxd2 Ke5 44.Ke3 Kd5 45.Kd3 Ne5+ 46.Kc3 Ng4 47.f4 Nf6 48.Nc4
Nd7 49.Kd3 1/2-1/2

[Event "Championnat CEH Section Relève II"]
[Site "Gatineau"]
[Date "2015.04.21"]
[Round "3"]
[White "Labelle, Raymond"]
[Black "Raymond, Robert"]
[Result "1-0"]
[BlackElo "1341"]
[WhiteElo "1363"]

1.e4 e5 2.Nf3 Nc6 3.Nc3 d6 4.d4 Bd7 5.d5 Nce7 6.Bg5 h6 7.Be3 Ng6 8.h3 Nf6
9.Bd3 Be7 10.Qd2 O-O 11.O-O-O c6 12.g4 cxd5 13.Nxd5 Nxd5 14.exd5 f5 15.gxf5
Bxf5 16.Bxf5 Rxf5 17.Rdg1 Nf4 18.Nd4 Rg5 19.Bxf4 Rxg1+ 20.Rxg1 exf4 21.Ne6
Qe8 22.Rxg7+ Kh8 23.Qd4 Bf8 24.Re7+ 1-0

[Event "Championnat CEH Section Relève II"]
[Site "Gatineau"]
[Date "2015.04.21"]
[Round "3"]
[White "Bourbonnais, Luc"]
[Black "Gaudreau, Louis"]
[Result "0-1"]
[BlackElo "1223"]
[WhiteElo "1297"]

1.e4 c6 2.d4 d5 3.Nc3 e6 4.e5 Ne7 5.Bg5 Qb6 6.Na4 Qa5+ 7.Nc3 Ng6 8.Nf3 c5
9.Be2 cxd4 10.Qxd4 Bc5 11.Qa4+ Qxa4 12.Nxa4 Bb4+ 13.c3 Ba5 14.Rd1 Bd7 15.Nc5
Bc6 16.O-O Bc7 17.Nd3 Nd7 18.Rfe1 Ndxe5 19.Nfxe5 Nxe5 20.Nxe5 Bxe5 21.Bf3 Bc7
22.Rd2 O-O 23.c4 Ba5 24.Red1 Bxd2 25.Rxd2 f6 26.Be3 Rfd8 27.cxd5 Bxd5 28.Bxd5
Rxd5 29.Rxd5 exd5 30.Kf1 a6 31.Ke2 f5 32.h4 Re8 33.Kd2 g6 34.g3 Kf7 35.Kd3
Ke6 36.a3 b5 37.b3 Rc8 38.f3 a5 39.Bd2 a4 40.b4 h5 41.Be3 Rc4 42.Bd2 Ke5
43.f4+ Kd6 44.Be3 Rc8 45.Bd2 Rh8 46.Kd4 g5 47.fxg5 Rf8 48.Bf4+ Ke6 49.Kc5 Rd8
50.Kxb5 d4 51.Ka6 d3 52.Bd2 Rc8 53.b5 Rc2 54.Bf4 d2 55.Bxd2 Rxd2 56.b6 Rb2
57.b7 Kd7 58.g6 Kc7 59.g7 Rb6+ 60.Ka5 Rg6 0-1